Increase your reading speed / (Record no. 40042)

MARC details
000 -LEADER
fixed length control field 00657nam a22002057a 4500
005 - DATE AND TIME OF LATEST TRANSACTION
control field 20100807124927.0
010 ## - LCCN (DPL NO)
LC control number ENG-98895
020 ## - INTERNATIONAL STANDARD BOOK NUMBER
Terms of availability 30.00
035 ## - SYSTEM CONTROL NUMBER
System control number EN-82427
037 ## - SOURCE OF ACQUISITION
Source of stock number/acquisition DBAD/PUB
082 ## - DEWEY DECIMAL CLASSIFICATION NUMBER
Classification number 401
100 ## - MAIN ENTRY--PERSONAL NAME
Personal name Saravanan, S.
245 ## - TITLE STATEMENT
Title Increase your reading speed /
Statement of responsibility, etc by S.Saravanan
260 ## - PUBLICATION, DISTRIBUTION, ETC. (IMPRINT)
Place of publication, distribution, etc Chennai
Name of publisher, distributor, etc Sri Kandan Publishers
Date of publication, distribution, etc 2007
270 ## - ADDRESS
Address 2/142, Mugappair West,
City Chennai
Postal code 600037
300 ## - PHYSICAL DESCRIPTION
Extent 80p.
Dimensions 21cm (pbk)
500 ## - GENERAL NOTE
General note includes bibliographical references
942 ## - ADDED ENTRY ELEMENTS (KOHA)
Source of classification or shelving scheme Dewey Decimal Classification
Item type English Books
Classification part 401
Call number suffix SAR
Holdings
Withdrawn status Lost status Not for loan Collection code Home library Current library Date acquired Source of acquisition Cost, normal purchase price Full call number Barcode Copy number Cost, replacement price Koha item type
    Not For Loan Non-fiction D.B.Act.Division D.B.Act.Division 07/08/2010 DBAD/PUB 30.00 401 SAR EN-82427 1 30.00 English Books

© Delhi Public Library
Hit Counter
free hit counter